| 000 | 01073cam a2200265 4500 | ||
|---|---|---|---|
| 001 | ABS64213 | ||
| 008 | 010803n2001 000 0 eng u | ||
| 035 | _a(Sirsi) u113946 | ||
| 100 | _aAllan, M. | ||
| 245 | _aScottish case points to new novation risk | ||
| 260 | _c2001 | ||
| 490 |
_aConstruction News _v(6725) 19 July 2001, 22(1) |
||
| 520 | _aDiscusses a case that may affect projects in Scotland and have implications for the UK too. The Scottish case in question is "Blyth and Blyth v Carillion Construction Ltd" whereby it was held that only an employer's losses were recoverable by a contractor in respect of pre-novation breaches of contract by a consultant. | ||
| 590 | _aABS | ||
| 650 | _aBLYTH AND BLYTH V CARILLION CONSTRUCTION LTD | ||
| 650 | _aNOVATION | ||
| 650 | _aNOVATION DESIGN AND BUILD | ||
| 650 | _aDESIGN AND BUILD CONTRACTS | ||
| 650 | _aPROJECTS | ||
| 650 | _aSCOTTISH LAW | ||
| 650 | _aCONSULTANTS | ||
| 650 | _aBUILT ENVIRONMENT-BUILDING CONTRACT FORMS | ||
| 690 | _aBUILT ENVIRONMENT-BUILDING CONTRACT FORMS | ||
| 942 | _n0 | ||
| 999 |
_c67898 _d67898 |
||